000 00921nmm a2200265 a 4500
001 ocm000598255
003 TR-IsHL
005 20201028133816.0
008 131121s2001 tu tur
007 cr cn
020 _a9789755125275
035 _a598255
_b(N$T)
050 0 4 _aHF5548.32.E43
_bS67 2001
090 0 4 _aHF5548.32.E43
_bS67 2001
245 1 0 _aSorularla elektronik ticaret
_h[electronic resource] /
_chaz. Senem Çeşmecioğlu
260 _aİstanbul :
_bİstanbul Ticaret Odası,
_c2001
300 _a66 p.
650 4 _aEkonomi ve Finans
650 4 _aEconomics and Finance
650 0 _aElektronik ticaret
650 0 _aElectronic commerce
650 7 _aBUSINESS & ECONOMICS / E-Commerce / General (see alsoCOMPUTERS / Electronic Commerce)
_2bisacsh
700 1 _aÇeşmecioğlu, Senem
856 4 0 _uhttp://search.ebscohost.com/login.aspx?direct=true&scope=site&db=e011xww&AN=598255
999 _c5847
_d5847